000 00643nam a2200205 i 4500
001 90456
003 ES-MaACL
005 20230906180439.0
007 t|
008 050120s1974 fr ||||1| fre d
100 1 _aLe Goff, Jacques.
_970884
245 1 0 _aFaire de l'histoire
_b: nouveaux problemes /
_csous la direction de Jacques Le Goff et Pierre Nora.
260 _a[Paris] :
_bGallimard,
_c[1974]
300 _aXIII, 230 p. ;
_c23 cm.
490 1 _aBibliothèque des histoires
700 1 _aNora, Pierre.
_985953
830 0 _aBibliothèque des histoires
_9181561
852 _aES-MaACL
_jE-5344
_bR.89700
999 _c90456
_d90456